Aula Pirandello / Institut del Teatre ; [direcció: Frederic Roda ; organització i funcionament: Montserrat Agell] Frederic Roda ; organització i funcionament:
Publicado:
Barcelona :
Diputació de Barcelona. Institut del Teatre : Istituto Italiano di Cultura di Barcelona ,
1981
Descripción Física:
1 f. plegat ; 21 cm
Materias:
Pirandello, Luigi
MARC
| LEADER | 00000nam a2200000Ia 4500 | ||
|---|---|---|---|
| 001 | 18076 | ||
| 008 | 160829s1981 xx 000 0 cat d | ||
| 080 | |a FU-49-40 | ||
| 110 | 1 | |a Institut del Teatre (Barcelona, Catalunya) |9 52662 | |
| 245 | |a Aula Pirandello / Institut del Teatre ; [direcció: |b Frederic Roda ; organització i funcionament: |b Montserrat Agell] | ||
| 260 | |a Barcelona : |b Diputació de Barcelona. Institut del Teatre : |b Istituto Italiano di Cultura di Barcelona, |c 1981 | ||
| 300 | |a 1 f. plegat ; |c 21 cm | ||
| 590 | |a Programa de les activitats celebrades entre els dies 5 de maig i el 30 de juny | ||
| 650 | |a Pirandello, Luigi |9 28352 | ||
| 700 | |a Roda, Frederic, dir. I |9 28354 | ||
| 700 | |a Agell, Montserrat |9 28355 | ||
| 710 | 1 | |a Barcelona (Catalunya : Província). |b Diputació |9 52408 | |
| 710 | 2 | |a Istituto Italiano di Cultura (Barcelona, Catalunya) |9 54770 | |
| 901 | |a Arxiu | ||
| 942 | |n 1 | ||
| 952 | |0 0 |1 0 |4 0 |6 FU4940 |7 1 |9 44789 |a Arxiu |b Arxiu |d 2016-12-01 |l 0 |o FU-49-40 |p 18076 |r 2016-12-01 00:00:00 |w 2016-12-01 |y ARXIU | ||
| 999 | |c 47373 |d 47373 | ||